000
00372nam a2200133Ia 4500
008
151001s9999||||xx |||||||||||||| ||und||
100
_a
कृष्णदेव झारी
245
_a
चालीस श्रष्ठ कहानियाँ
250
_a
1
260
_b
लिट्रेसी
260
_c
2001
300
_a
387
365
_b
21
999
_c
977955
_d
977952